Giáo trình tâm lí học phát triển
Tâm lý học phát triển nghiên cứu nguồn gốc, động lực, cơ chế, quy luật và các điều kiện của sự phát triển tâm lý con người, với tư cách là thành viên của xã hội qua các giai đoạn cuộc đời. Sự phát triển của con người dựa trên nhiề...
Kaydedildi:
| Yazar: | |
|---|---|
| Materyal Türü: | Kitap |
| Dil: | Undetermined |
| Baskı/Yayın Bilgisi: |
Hà Nội
Đại học Quốc gia Hà Nội
2017
|
| Konular: | |
| Etiketler: |
Etiketle
Etiket eklenmemiş, İlk siz ekleyin!
|
| Thư viện lưu trữ: | Trung tâm Học liệu Trường Đại học Cần Thơ |
|---|
| LEADER | 01250nam a2200205Ia 4500 | ||
|---|---|---|---|
| 001 | CTU_231059 | ||
| 008 | 210402s9999 xx 000 0 und d | ||
| 020 | |c 64000 | ||
| 082 | |a 155 | ||
| 082 | |b H100 | ||
| 100 | |a Trương, Thị Khánh Hà | ||
| 245 | 0 | |a Giáo trình tâm lí học phát triển | |
| 245 | 0 | |c Trương Thị Khánh Hà | |
| 260 | |a Hà Nội | ||
| 260 | |b Đại học Quốc gia Hà Nội | ||
| 260 | |c 2017 | ||
| 520 | |a Tâm lý học phát triển nghiên cứu nguồn gốc, động lực, cơ chế, quy luật và các điều kiện của sự phát triển tâm lý con người, với tư cách là thành viên của xã hội qua các giai đoạn cuộc đời. Sự phát triển của con người dựa trên nhiều phương diện luôn tương tác qua lại chặt chẽ với nhau, cùng hướng tới sự hình thành và phát triển nhân cách con người trong xã hội loài người. | ||
| 650 | |a Tâm lí học phát triển,Nhân cách,Developmental psychology,Personality | ||
| 910 | |b vtbtruc | ||
| 980 | |a Trung tâm Học liệu Trường Đại học Cần Thơ | ||